Cinética de disolución de medicamentos /
Guardado en:
| Autor Principal: | |
|---|---|
| Formato: | Libro |
| Publicado: |
Washington :
O.e.a.,
1981
|
| Materias: | |
| Etiquetas: |
Agregar Etiqueta
Sin Etiquetas, Sea el primero en etiquetar este registro!
|
| LEADER | 00497nam a22001695a 4500 | ||
|---|---|---|---|
| 001 | CEM.cems015778 | ||
| 008 | 130507s1981##################000#0#####d | ||
| 005 | 20210811190923.0 | ||
| 003 | CEMS | ||
| 245 | 1 | 0 | |a Cinética de disolución de medicamentos / |c Edison Cid Cárcamo, |
| 260 | |a Washington : |b O.e.a., |c 1981 | ||
| 300 | |a 102 p. | ||
| 100 | 1 | |a Cid Cárcamo, Edison | |
| 082 | 0 | 4 | |a 541.37 |
| 653 | |a Cinética química | ||
| 653 | |a Química | ||
| 859 | |a CEMS |b BIB. CEMS - Agricultura |h 541.37 |i C177 |p A10973.82 |t Ej.1 | ||
